| 000 | 00309nam a2200109Ia 4500 | ||
|---|---|---|---|
| 008 | 230907s9999||||xx |||||||||||||| ||und|| | ||
| 082 |
_a363.7289 _bGRE |
||
| 245 | 0 | _aNuclear waste management nuclear power and energy choices : | |
| 260 |
_aNew York : _bSpringer, _c2013 |
||
| 300 | _axxvi, 140 p.: | ||
| 942 | _cBK | ||
| 999 |
_c597531 _d597531 |
||